[Event "Rated Blitz game"]
[Site "?"]
[Date "2021.03.03"]
[Round "?"]
[White "biagiobiagin92"]
[Black "annaly1979"]
[Result "1-0"]
[WhiteElo "2436"]
[BlackElo "2372"]
[PlyCount "59"]
[EventDate "2021.??.??"]
[EventType "blitz"]

1. e4 e5 2. Nf3 d5 3. d4 dxe4 4. Nxe5 Bd6 5. Nc4 Nf6 6. Be2 O-O 7. O-O h6 8.
Be3 Bf5 9. Nbd2 Re8 10. Nxd6 cxd6 11. c4 Nc6 12. Rc1 a5 13. a3 a4 14. Re1 Bg6
15. Nf1 Ne7 16. Ng3 Nf5 17. Nxf5 Bxf5 18. Qd2 Bg6 19. Qb4 Qd7 20. Red1 d5 21.
c5 Rab8 22. Bb5 Qg4 23. Bxe8 Rxe8 24. h3 Qd7 25. c6 bxc6 26. Qxa4 Bh5 27. Rd2
Rb8 28. Qxc6 Qe8 29. Qxe8+ Rxe8 30. b4 {Normal} 1-0

[Event "Rated Blitz tournament nOaM9AWy"]
[Site "?"]
[Date "2021.03.03"]
[Round "?"]
[White "AGG2020"]
[Black "LeonardoYopalCas"]
[Result "0-1"]
[WhiteElo "2498"]
[BlackElo "2264"]
[PlyCount "86"]
[EventDate "2021.??.??"]
[EventType "blitz"]

1. e4 e5 2. Nf3 d5 3. exd5 e4 4. Qe2 Qe7 5. Nd4 Qe5 6. Nb5 a6 7. d4 Qe7 8. N5c3
f5 9. Bf4 Nf6 10. Nd2 b5 11. a3 Bb7 12. O-O-O Bxd5 13. Nxd5 Nxd5 14. Be5 Nc6
15. f4 Qxa3 16. bxa3 Bxa3+ 17. Kb1 Nc3+ 18. Ka1 Nb4 19. Nb1 Nxe2 20. Bxe2 Nxc2+
21. Ka2 Bd6 22. Nc3 O-O 23. Nd5 Bxe5 24. dxe5 Rad8 25. e6 Rxd5 26. Rxd5 Nb4+
27. Kb3 Nxd5 28. Rd1 c6 29. Ra1 Ra8 30. g3 Kf8 31. Rc1 Rc8 32. Ra1 Ra8 33. Rc1
Ne7 34. Kb4 a5+ 35. Kc5 a4 36. Rd1 Ke8 37. Rd7 a3 38. Rd1 a2 39. Ra1 Nd5 40.
Bxb5 cxb5 41. Kxd5 Ke7 42. Kc5 Kxe6 43. Kxb5 g5 {Time forfeit} 0-1

[Event "Rated Blitz game"]
[Site "?"]
[Date "2021.03.03"]
[Round "?"]
[White "Jenlen3001"]
[Black "Monkey_King"]
[Result "1-0"]
[WhiteElo "2499"]
[BlackElo "2576"]
[PlyCount "127"]
[EventDate "2021.??.??"]
[EventType "blitz"]

1. e4 e5 2. Nf3 d5 3. d4 dxe4 4. Nxe5 Bd6 5. Qh5 Qe7 6. Bc4 Bxe5 7. Qxe5 Qxe5
8. dxe5 Nc6 9. Bf4 Nge7 10. Nc3 Ng6 11. Bg3 Ngxe5 12. Bb5 O-O 13. Nxe4 Bf5 14.
f3 Bxe4 15. fxe4 Nd4 16. Ba4 Nc4 17. Bb3 Ne3 18. Kf2 Ng4+ 19. Kf1 Rfe8 20. Re1
Rad8 21. Bxc7 Rc8 22. Bg3 Nxc2 23. Rc1 Rxe4 24. h3 Nge3+ 25. Kf2 h5 26. Rhe1 h4
27. Bh2 Rce8 28. Re2 Nd4 29. Rd2 Nxb3 30. axb3 Nf5 31. Rc7 Nd4 32. Rxb7 Re2+
33. Rxe2 Rxe2+ 34. Kf1 Rxb2 35. Be5 Rxb3 36. Rxa7 Ne6 37. Ra4 g5 38. g3 Kh7 39.
gxh4 Rxh3 40. hxg5 Nxg5 41. Kg2 Kg6 42. Ra6+ Kf5 43. Bf6 Rd3 44. Bxg5 Kxg5 45.
Ra5+ f5 46. Kf2 Rd4 47. Kf3 Rc4 48. Rb5 Rf4+ 49. Kg3 Re4 50. Kf3 Rg4 51. Ke3
Rf4 52. Rb8 Rg4 53. Rg8+ Kh4 54. Rf8 Kg3 55. Rf6 Rh4 56. Rxf5 Rg4 57. Rf3+ Kh4
58. Rf2 Rg3+ 59. Kf4 Rg4+ 60. Kf3 Rg3+ 61. Kf4 Rg4+ 62. Kf5 Rg3 63. Rh2+ Rh3
64. Rg2 {Time forfeit} 1-0

[Event "Rated Blitz game"]
[Site "?"]
[Date "2021.03.03"]
[Round "?"]
[White "MisterMarple63"]
[Black "artemisia_g"]
[Result "1-0"]
[WhiteElo "2408"]
[BlackElo "2373"]
[PlyCount "77"]
[EventDate "2021.??.??"]
[EventType "blitz"]

1. e4 e5 2. Nf3 d5 3. Nxe5 Bd6 4. d4 dxe4 5. Nc4 Nf6 6. Nxd6+ Qxd6 7. Be2 O-O
8. O-O Nc6 9. c3 Bf5 10. Be3 Rae8 11. Nd2 Nd5 12. Nc4 Qg6 13. Bh5 Qf6 14. a4
Be6 15. Be2 Qe7 16. Qd2 f5 17. Bf4 Qf7 18. Ne5 Nxe5 19. Bxe5 f4 20. c4 f3 21.
cxd5 fxe2 22. Qxe2 Bxd5 23. Rac1 Qg6 24. Rxc7 Rf7 25. Rxf7 Qxf7 26. Qg4 Rf8 27.
Qg3 g6 28. h4 Rc8 29. Qe3 Rc2 30. Rc1 Rc6 31. Rxc6 bxc6 32. b4 Qb7 33. Qh6 Qf7
34. Qg5 h5 35. b5 Kh7 36. bxc6 Bxc6 37. a5 Bd5 38. Qd8 Qg8 39. Qf6 {Normal} 1-0

[Event "Rated Blitz game"]
[Site "?"]
[Date "2021.03.03"]
[Round "?"]
[White "flaggernoob"]
[Black "Fantastic_power06"]
[Result "0-1"]
[WhiteElo "2511"]
[BlackElo "2669"]
[PlyCount "110"]
[EventDate "2021.??.??"]
[EventType "blitz"]

1. e4 e5 2. Nf3 d5 3. d3 Nc6 4. Nc3 Bb4 5. Bd2 Nf6 6. Nxd5 Nxd5 7. exd5 Bxd2+
8. Qxd2 Qxd5 9. Be2 Bg4 10. h3 Bh5 11. O-O O-O-O 12. a4 e4 13. Ne1 Bxe2 14.
Qxe2 Rhe8 15. dxe4 Qxe4 16. Qxe4 Rxe4 17. Nf3 Re2 18. Rfc1 Nb4 19. Kf1 Rxc2 20.
Rxc2 Nxc2 21. Rc1 Nd4 22. Ng5 f6 23. Ne4 b6 24. a5 Kb7 25. axb6 axb6 26. Nc3
Nb3 27. Re1 Rd7 28. g3 Nd2+ 29. Kg2 Nc4 30. Re2 c6 31. h4 b5 32. h5 h6 33. Ne4
Kb6 34. b3 Ne5 35. f4 Nd3 36. Rd2 Nc5 37. Rxd7 Nxd7 38. Nd6 c5 39. Nf5 c4 40.
bxc4 bxc4 41. Kf2 Kc5 42. Ke2 Kb4 43. Nxg7 Kb3 44. Nf5 c3 45. Nd4+ Kb2 46. Ke3
Nc5 47. g4 Nb3 48. Ne2 c2 49. Ke4 Nc1 50. Nd4 Na2 51. Nxc2 Kxc2 52. Kf5 Nc3 53.
Kxf6 Nd5+ 54. Kg6 Ne3 55. Kxh6 Nxg4+ {Time forfeit} 0-1

[Event "Rated Blitz game"]
[Site "?"]
[Date "2021.03.03"]
[Round "?"]
[White "Vincetelligent"]
[Black "annaly1979"]
[Result "1-0"]
[WhiteElo "2422"]
[BlackElo "2372"]
[PlyCount "51"]
[EventDate "2021.??.??"]
[EventType "blitz"]

1. e4 e5 2. Nf3 d5 3. exd5 e4 4. Ne5 Bd6 5. d4 Nf6 6. c4 b6 7. Nc3 h6 8. Qa4+
Nbd7 9. Bf4 O-O 10. Nc6 Qe8 11. Bxd6 cxd6 12. Nb5 e3 13. f3 e2 14. Bxe2 Qe3 15.
Qb3 Qf4 16. g3 Qg5 17. f4 Qf5 18. Nxd6 Qh3 19. O-O-O Ba6 20. Qa3 Bc8 21. Bf1
Qg4 22. h3 Qg6 23. Ne7+ Kh7 24. Bd3 Ne8 25. Nxf7 Qxd3 26. Qxd3+ {Normal} 1-0

[Event "Rated Blitz game"]
[Site "?"]
[Date "2021.03.03"]
[Round "?"]
[White "AlmostGone"]
[Black "artsportscience"]
[Result "0-1"]
[WhiteElo "2404"]
[BlackElo "2303"]
[PlyCount "140"]
[EventDate "2021.??.??"]
[EventType "blitz"]

1. e4 e5 2. Nf3 d5 3. exd5 e4 4. Qe2 Nf6 5. Nc3 Be7 6. Nxe4 O-O 7. d3 Nxd5 8.
Bd2 Re8 9. O-O-O f5 10. Nc3 Nxc3 11. Bxc3 Bg5+ 12. Nxg5 Rxe2 13. h4 Re8 14. d4
h6 15. Bc4+ Kf8 16. Bb4+ Re7 17. Rde1 Nc6 18. Bxe7+ Nxe7 19. Nh7+ Ke8 20. Nf6+
gxf6 21. c3 Kf8 22. Rh3 Bd7 23. Rg3 Bc6 24. Rxe7 Kxe7 25. Rg7+ Kd6 26. Rg6 Qe7
27. Kd2 Re8 28. Kc2 Kd7 29. h5 Kc8 30. Rxh6 b6 31. Rg6 Rh8 32. h6 f4 33. Rg7
Be4+ 34. Kd2 Qf8 35. f3 Bc6 36. Rg6 Kb7 37. d5 Be8 38. Rg4 Rxh6 39. Rxf4 Rg6
40. g4 Qh6 41. Ke3 f5 42. Bd3 Bd7 43. gxf5 Rf6 44. Be4 Bxf5 45. Kd4 Bxe4 46.
Rxe4 Rxf3 47. d6 Qxd6+ 48. Kc4 Rf4 49. Rd4 Rxd4+ 50. cxd4 c6 51. Kd3 Qd5 52. b3
c5 53. Kc3 Qxd4+ 54. Kc2 b5 55. a4 bxa4 56. bxa4 Qxa4+ 57. Kc3 Qb4+ 58. Kd3 c4+
59. Kc2 Qb3+ 60. Kd2 c3+ 61. Kd3 c2+ 62. Kd2 Qb2 63. Ke2 c1=Q+ 64. Kd3 Qcc3+
65. Ke4 Qbb4+ 66. Kf5 Qcc5+ 67. Kg6 Qbb6+ 68. Kh7 Qbd6 69. Kg8 Qcc7 70. Kh8
Qdd8# {Normal} 0-1

[Event "Rated Blitz game"]
[Site "?"]
[Date "2021.03.03"]
[Round "?"]
[White "JacobAagaard"]
[Black "KamranShirazi"]
[Result "1-0"]
[WhiteElo "2522"]
[BlackElo "2458"]
[PlyCount "44"]
[EventDate "2021.??.??"]
[EventType "blitz"]

1. e4 e5 2. Nf3 d5 3. d4 dxe4 4. Nxe5 Nd7 5. Qh5 Nxe5 6. dxe5 Be6 7. Nc3 Qd4 8.
Be3 Qb4 9. O-O-O g6 10. Qh4 Bg7 11. Nxe4 Qe7 12. Bg5 Bh6 13. Bb5+ c6 14. Nd6+
Kf8 15. Bxh6+ Nxh6 16. Qxh6+ Kg8 17. Ne4 f5 18. exf6 Qf7 19. Ba4 Qf8 20. Qxf8+
Rxf8 21. Rhe1 h6 22. Bb3 Bc4 {Normal} 1-0

[Event "Rated Blitz game"]
[Site "?"]
[Date "2021.03.03"]
[Round "?"]
[White "kirill_kopyonkin"]
[Black "Fantastic_power06"]
[Result "1-0"]
[WhiteElo "2580"]
[BlackElo "2677"]
[PlyCount "87"]
[EventDate "2021.??.??"]
[EventType "blitz"]

1. e4 e5 2. Nf3 d5 3. exd5 e4 4. Qe2 Nf6 5. Nc3 Be7 6. Nxe4 O-O 7. Nxf6+ Bxf6
8. Qd1 Qxd5 9. Be2 c5 10. O-O Nc6 11. d3 Bg4 12. c3 Rfe8 13. h3 Bh5 14. Be3 b6
15. Qa4 a6 16. Qc4 Qd7 17. Rad1 Na5 18. Qf4 Qb5 19. Rd2 Rad8 20. Rfd1 h6 21. d4
Qa4 22. b3 Qc6 23. d5 Qd7 24. Bxa6 Bxc3 25. Rc2 Bf6 26. a4 Nxb3 27. Bb5 Qb7 28.
Bxe8 Rxe8 29. Qc4 Na5 30. Qb5 Bxf3 31. Qxe8+ Kh7 32. gxf3 c4 33. Qe4+ g6 34. d6
Qd7 35. Bxb6 Nb3 36. Qg4 Qc6 37. d7 Qxb6 38. Rxc4 Nc5 39. Rxc5 Qxc5 40. d8=Q
Bxd8 41. Rxd8 h5 42. Qd4 Qc1+ 43. Kh2 Qg5 44. Qh8# {Normal} 1-0

[Event "Rated Blitz game"]
[Site "?"]
[Date "2021.03.03"]
[Round "?"]
[White "JacobAagaard"]
[Black "KamranShirazi"]
[Result "1-0"]
[WhiteElo "2514"]
[BlackElo "2466"]
[PlyCount "73"]
[EventDate "2021.??.??"]
[EventType "blitz"]

1. e4 e5 2. Nf3 d5 3. exd5 e4 4. Qe2 f5 5. d3 Nf6 6. Nc3 Bb4 7. Bd2 O-O 8. dxe4
fxe4 9. Ng5 Bxc3 10. bxc3 Nxd5 11. Nxe4 Bf5 12. O-O-O Qe7 13. f3 Bxe4 14. Qxe4
Qa3+ 15. Kb1 Nxc3+ 16. Bxc3 Qxc3 17. Qc4+ Qxc4 18. Bxc4+ Kh8 19. Rhe1 Nc6 20.
Rd7 Rac8 21. Bd5 Nb8 22. Rde7 b6 23. Bb7 Rcd8 24. Rxc7 Rd7 25. Re7 Rxe7 26.
Rxe7 g6 27. Kb2 Rd8 28. h4 Nd7 29. Bc6 Nb8 30. Be4 a5 31. g4 Na6 32. h5 Rd6 33.
h6 Kg8 34. Rg7+ Kf8 35. Rxh7 g5 36. Rh8+ Ke7 37. h7 {Normal} 1-0

[Event "Rated Blitz game"]
[Site "?"]
[Date "2021.03.03"]
[Round "?"]
[White "Olga_Kornieva"]
[Black "Fantastic_power06"]
[Result "1/2-1/2"]
[WhiteElo "2595"]
[BlackElo "2634"]
[PlyCount "108"]
[EventDate "2021.??.??"]
[EventType "blitz"]

1. e4 e5 2. Nf3 d5 3. exd5 e4 4. Qe2 Nf6 5. d3 Qxd5 6. dxe4 Qxe4 7. Nc3 Bb4 8.
Bd2 Qxe2+ 9. Bxe2 O-O 10. O-O-O Nc6 11. Nb5 Bf5 12. Nfd4 Bxd2+ 13. Rxd2 Nxd4
14. Nxd4 Bg6 15. Bf3 c6 16. Re1 Rfe8 17. Rde2 Kf8 18. c3 Ng8 19. g3 Nf6 20. h4
Bd3 21. Re3 Bc4 22. b3 Bd5 23. Rxe8+ Rxe8 24. Rxe8+ Kxe8 25. Bxd5 Nxd5 26. Kd2
g6 27. c4 Nc7 28. b4 Ke7 29. Kd3 Kd6 30. Nf3 f6 31. Nd2 Ke6 32. Ne4 b6 33. a4
Ke5 34. f4+ Ke6 35. Kd4 Na6 36. b5 c5+ 37. Ke3 Nb8 38. Nc3 h5 39. Nd5 Nd7 40.
Nc7+ Kd6 41. Nd5 Ke6 42. Nc7+ Kf5 43. Kf3 Nf8 44. Nd5 Nd7 45. Ne7+ Ke6 46. Nxg6
f5 47. Ne5 Nxe5+ 48. fxe5 Kxe5 49. Ke3 Ke6 50. Kf4 Kf6 51. Kf3 Ke7 52. Kf4 Kf6
53. Kf3 Kg7 54. Kf4 Kf6 {Normal} 1/2-1/2

[Event "Rated Blitz game"]
[Site "?"]
[Date "2021.03.03"]
[Round "?"]
[White "Jenlen3001"]
[Black "Monkey_King"]
[Result "1/2-1/2"]
[WhiteElo "2490"]
[BlackElo "2585"]
[PlyCount "117"]
[EventDate "2021.??.??"]
[EventType "blitz"]

1. e4 e5 2. Nf3 d5 3. d4 dxe4 4. Nxe5 Bd6 5. Nc3 Bxe5 6. dxe5 Qxd1+ 7. Nxd1 Nc6
8. Bf4 Nge7 9. Nc3 Bf5 10. Bb5 O-O-O 11. Bc4 Ng6 12. Bg5 Rd7 13. e6 fxe6 14.
Be3 a6 15. Rd1 Rhd8 16. Rxd7 Rxd7 17. O-O Nge5 18. Bb3 Nd4 19. Bxd4 Rxd4 20.
Re1 h5 21. Rd1 c5 22. Rxd4 cxd4 23. Ne2 d3 24. cxd3 exd3 25. Nd4 d2 26. Nxf5
exf5 27. Kf1 Nd3 28. Ke2 Nc1+ 29. Kxd2 Nxb3+ 30. axb3 Kc7 31. Ke3 Kc6 32. Kf4
Kb5 33. Kxf5 Kb4 34. Kg6 Kxb3 35. f4 a5 36. f5 a4 37. Kxg7 Kxb2 38. f6 a3 39.
f7 a2 40. f8=Q a1=Q 41. Qf3 b5 42. Qxh5 b4 43. g4 b3 44. g5 Ka2+ 45. Kh7 Qb1+
46. g6 Qd3 47. Qa5+ Kb1 48. Qe1+ Ka2 49. Qa5+ Kb1 50. h4 b2 51. h5 Kc2 52. Qc5+
Kd1 53. Qg1+ Kc2 54. Qf2+ Kd1 55. Qg1+ Kc2 56. Qg2+ Kc1 57. Qg5+ Kc2 58. Qc5+
Kd1 59. Qg1+ {Normal} 1/2-1/2

[Event "Rated Blitz game"]
[Site "?"]
[Date "2021.03.03"]
[Round "?"]
[White "danieljaber"]
[Black "papasi"]
[Result "0-1"]
[WhiteElo "2392"]
[BlackElo "2502"]
[PlyCount "160"]
[EventDate "2021.??.??"]
[EventType "blitz"]

1. e4 e5 2. Nf3 d5 3. exd5 e4 4. Ne5 Qxd5 5. d4 exd3 6. Nxd3 Nf6 7. Nc3 Qa5 8.
Be2 Nc6 9. O-O Bd6 10. a3 O-O 11. Be3 Qf5 12. Bf3 Ng4 13. Bxg4 Qxg4 14. Qxg4
Bxg4 15. Ne4 Be7 16. Bf4 Rac8 17. Nec5 b6 18. Nb3 Be2 19. Rfe1 Bxd3 20. cxd3
Bf6 21. Rac1 Nd4 22. Nxd4 Bxd4 23. Be5 c5 24. Bxd4 cxd4 25. Kf1 f6 26. Rxc8
Rxc8 27. Re7 Rc1+ 28. Re1 Rc5 29. Re7 a5 30. Rd7 Rb5 31. Rxd4 Rxb2 32. Rd7 h5
33. Rb7 Rd2 34. Rxb6 Rxd3 35. Rb5 Rxa3 36. Rxh5 Kf7 37. Rb5 Kg6 38. h4 Ra4 39.
g3 Kh6 40. Kg2 Ra2 41. Rc5 g6 42. Rb5 f5 43. Rc5 Kh5 44. Rb5 Kg4 45. Rb6 Kh5
46. Rb8 Kh6 47. Rb7 Ra1 48. Kh2 Rf1 49. Kg2 Ra1 50. Kh2 a4 51. Ra7 g5 52. Ra6+
Kh5 53. hxg5 Kxg5 54. Kg2 f4 55. gxf4+ Kxf4 56. Ra5 Kg4 57. Ra8 a3 58. Ra4+ Kf5
59. Kh2 Ke5 60. Kg2 Kd5 61. Ra8 Kc6 62. Ra5 Kb6 63. Ra8 Kb5 64. Rb8+ Kc5 65.
Rc8+ Kd6 66. Rb8 Kd5 67. Ra8 Kc4 68. Rc8+ Kb3 69. Rb8+ Ka2 70. Rb7 Rb1 71. Ra7
Rb3 72. f4 Kb2 73. f5 a2 74. f6 a1=Q 75. Rxa1 Kxa1 76. f7 Rb8 77. Kf3 Rf8 78.
Kg4 Rxf7 79. Kg5 Rb7 80. Kg6 Ka2 {Time forfeit} 0-1

[Event "Rated Blitz game"]
[Site "?"]
[Date "2021.03.03"]
[Round "?"]
[White "sewin16"]
[Black "KamranShirazi"]
[Result "0-1"]
[WhiteElo "2465"]
[BlackElo "2453"]
[PlyCount "72"]
[EventDate "2021.??.??"]
[EventType "blitz"]

1. e4 e5 2. Nf3 d5 3. exd5 e4 4. Qe2 f5 5. d3 Nf6 6. dxe4 fxe4 7. Nc3 Bb4 8.
Bd2 O-O 9. Ng5 Bxc3 10. Bxc3 Nxd5 11. Nxe4 Nxc3 12. Nxc3 Re8 13. Ne4 Bf5 14. f3
Bxe4 15. fxe4 Qh4+ 16. Qf2 Rxe4+ 17. Be2 Qe7 18. Kf1 Nc6 19. Bf3 Rf8 20. Re1
Rxe1+ 21. Qxe1 Ne5 22. Qe4 Qd6 23. Kf2 Qd2+ 24. Kg3 Qg5+ 25. Kf2 Ng4+ 26. Ke2
Nf6 27. Qe6+ Kh8 28. Kf2 Qd2+ 29. Kg3 Re8 30. Qf7 Qd6+ 31. Kf2 Qd4+ 32. Kg3
Qe5+ 33. Kf2 Qe3+ 34. Kg3 Ne4+ 35. Kg4 Qg5+ 36. Kh3 Nf2# {Normal} 0-1

[Event "Rated Blitz tournament oS1BVLoc"]
[Site "?"]
[Date "2021.03.03"]
[Round "?"]
[White "oliverette"]
[Black "MN_Supariyono"]
[Result "0-1"]
[WhiteElo "2230"]
[BlackElo "2452"]
[PlyCount "73"]
[EventDate "2021.??.??"]
[EventType "blitz"]

1. e4 e5 2. Nf3 d5 3. exd5 e4 4. Qe2 Nf6 5. Nc3 Bb4 6. Qb5+ c6 7. Qxb4 exf3 8.
gxf3 cxd5 9. d4 Nc6 10. Bb5 Bd7 11. Bxc6 Bxc6 12. Be3 Qd7 13. O-O-O O-O-O 14.
Rhg1 Rhg8 15. Bg5 Qf5 16. Qc5 Kb8 17. Rd3 h6 18. Bh4 Rc8 19. Bg3+ Ka8 20. Qa3
Rge8 21. Rgd1 Nh5 22. Kb1 g5 23. Be5 f6 24. Bd6 b6 25. b4 Qd7 26. b5 Bxb5 27.
Nxb5 Qxb5+ 28. Rb3 Qc6 29. c3 Re6 30. Bg3 f5 31. Be5 Nf4 32. Bxf4 gxf4 33. Qb2
Rce8 34. Qd2 Qd6 35. Rb2 Kb7 36. Qd3 Rf6 37. Re1 {Normal} 0-1

[Event "Titled Tuesday 2nd Mar"]
[Site "chess.com INT"]
[Date "2021.03.02"]
[Round "8"]
[White "Leiva, G.."]
[Black "Greet, A.."]
[Result "0-1"]
[WhiteElo "2391"]
[BlackElo "2417"]
[PlyCount "140"]
[EventDate "2021.03.02"]

1. e4 e5 2. Nf3 d5 3. d4 dxe4 4. Nxe5 Bd6 5. Nc3 Bxe5 6. dxe5 Qxd1+ 7. Nxd1 Nc6
8. Nc3 Bf5 9. Bb5 Nge7 10. Bg5 a6 11. Bxc6+ Nxc6 12. Nd5 O-O 13. O-O-O Rac8 14.
Rhe1 Rfe8 15. f4 exf3 16. gxf3 h6 17. Bh4 Kh7 18. f4 Be6 19. Ne3 g6 20. Bf6 Ne7
21. h4 Nf5 22. Nxf5 Bxf5 23. b3 b5 24. Kb2 a5 25. Rd5 c6 26. Rd6 a4 27. bxa4
bxa4 28. Re3 c5 29. Rc3 Rb8+ 30. Ka3 Rb4 31. Rxc5 Rxf4 32. Rc7 Be6 33. Be7 g5
34. Rxe6 Rf3+ 35. Kxa4 fxe6 36. Bxg5+ Kg6 37. Bf6 Ra8+ 38. Kb4 Rxa2 39. c4 Rb2+
40. Kc5 Rc2 41. Kd6 Rfc3 42. c5 Kf5 43. c6 Rd3+ 44. Ke7 Rdc3 45. Kd7 Rd3+ 46.
Ke8 Rdc3 47. Kd8 Rxc6 48. Rxc6 Rxc6 49. h5 Rc5 50. Ke7 Rxe5 51. Kf7 Rb5 52. Bh4
Rb7+ 53. Kg8 e5 54. Bf2 e4 55. Be3 Kg4 56. Bxh6 Kxh5 57. Be3 Kg6 58. Kf8 Rb3
59. Bc1 e3 60. Ke7 e2 61. Bd2 Rd3 62. Be1 Rd1 63. Bf2 e1=Q+ 64. Bxe1 Rxe1+ 65.
Kf8 Kf5 66. Kf7 Re6 67. Kg7 Re7+ 68. Kf8 Kf6 69. Kg8 Rd7 70. Kh8 Kg6 0-1

[Event "Titled Tuesday 2nd Mar"]
[Site "chess.com INT"]
[Date "2021.03.02"]
[Round "1"]
[White "Leiva, G.."]
[Black "Locci, D.."]
[Result "1-0"]
[WhiteElo "2391"]
[BlackElo "2216"]
[PlyCount "81"]
[EventDate "2021.03.02"]

1. e4 e5 2. Nf3 d5 3. d4 dxe4 4. Nxe5 Bd6 5. Nc3 Bxe5 6. dxe5 Qxd1+ 7. Nxd1 Nc6
8. Nc3 Bf5 9. Bb5 Nge7 10. Bg5 a6 11. Bxc6+ Nxc6 12. Nd5 O-O 13. Nxc7 Rac8 14.
Nd5 Be6 15. O-O-O Bxd5 16. Rxd5 Nb4 17. Rd2 Rfe8 18. a3 Nc6 19. Re1 Nxe5 20.
Kb1 f5 21. Rd5 h6 22. Bf4 Ng6 23. g3 Nxf4 24. gxf4 Rf8 25. Red1 Rf7 26. h4 g6
27. Rd6 Rc6 28. Rxc6 bxc6 29. Rd6 g5 30. hxg5 hxg5 31. fxg5 f4 32. Kc1 Rf5 33.
Kd2 Rxg5 34. Rf6 Rd5+ 35. Ke2 f3+ 36. Ke3 Rc5 37. c3 a5 38. Kxe4 Rb5 39. b4
axb4 40. axb4 c5 41. Rf5 1-0

[Event "Rated Blitz game"]
[Site "?"]
[Date "2021.03.02"]
[Round "?"]
[White "Mariano_Nelson_II"]
[Black "pjotrrcappan"]
[Result "0-1"]
[WhiteElo "2617"]
[BlackElo "2500"]
[PlyCount "86"]
[EventDate "2021.??.??"]
[EventType "blitz"]

1. e4 e5 2. Nf3 d5 3. Nxe5 Nf6 4. exd5 Qxd5 5. d4 Nc6 6. Nxc6 Qxc6 7. a4 a6 8.
Nc3 Bb4 9. Qf3 Qxf3 10. gxf3 Bf5 11. Bd3 Bxd3 12. cxd3 O-O-O 13. Be3 Nd5 14.
Kd2 f5 15. f4 Rd6 16. Rhg1 g6 17. Rac1 Re8 18. Rg3 Nf6 19. Kc2 Nh5 20. Rf3 c6
21. Ne2 Kd7 22. Kb3 Ba5 23. Rh3 Bc7 24. Ng3 Nf6 25. Nf1 Re7 26. Nd2 Rd5 27. Nc4
Nh5 28. Ne5+ Bxe5 29. dxe5 Rxd3+ 30. Rc3 Rxc3+ 31. bxc3 Ke6 32. Kc2 Rd7 33. Bc1
b5 34. axb5 cxb5 35. c4 b4 36. Kb3 a5 37. Ka4 Rd1 38. Be3 Ra1+ 39. Kb3 Ra3+ 40.
Kb2 Rc3 41. c5 a4 42. Ka2 a3 43. Rh4 Kd5 {Normal} 0-1

[Event "Rated Blitz game"]
[Site "?"]
[Date "2021.03.02"]
[Round "?"]
[White "micfel"]
[Black "KamranShirazi"]
[Result "0-1"]
[WhiteElo "2416"]
[BlackElo "2482"]
[PlyCount "64"]
[EventDate "2021.??.??"]
[EventType "blitz"]

1. e4 e5 2. Nf3 d5 3. Nxe5 Bd6 4. d4 dxe4 5. Bf4 Nf6 6. Nc3 O-O 7. Be2 Bf5 8.
g4 Bg6 9. h4 h6 10. g5 Bxe5 11. dxe5 Nfd7 12. h5 Bh7 13. gxh6 Re8 14. Rg1 Nc6
15. Rxg7+ Kh8 16. Bc4 Ndxe5 17. Bxf7 Qf6 18. Bxe5 Rxe5 19. Bg6 Bg8 20. Qd7 Re7
21. Rxe7 Nxe7 22. Nd5 Bxd5 23. O-O-O c6 24. c4 Bxc4 25. Rd6 Qg5+ 26. Kb1 Bg8
27. Bxe4 Bh7 28. Rg6 Bxg6 29. hxg6 Qxh6 30. Qxe7 Rf8 31. g7+ Qxg7 32. Qh4+ Kg8
{Time forfeit} 0-1

[Event "Rated Blitz game"]
[Site "?"]
[Date "2021.03.02"]
[Round "?"]
[White "Sasap64"]
[Black "turkish_whip"]
[Result "0-1"]
[WhiteElo "2392"]
[BlackElo "2409"]
[PlyCount "72"]
[EventDate "2021.??.??"]
[EventType "blitz"]

1. e4 e5 2. Nf3 d5 3. exd5 e4 4. Qe2 Nf6 5. d3 Qxd5 6. Nc3 Bb4 7. Bd2 Bxc3 8.
Bxc3 O-O 9. dxe4 Nxe4 10. Rd1 Nxc3 11. Rxd5 Nxd5 12. Kd1 Nc6 13. Qb5 Bg4 14.
Kc1 Bxf3 15. gxf3 Nb6 16. Rg1 Rad8 17. Qg5 g6 18. h4 Rfe8 19. Bd3 Rd5 20. Qf4
Re7 21. Be4 Nd4 22. Re1 Rde5 23. c3 Nd5 24. Qg3 Nf5 25. Qh2 Nf6 26. Rd1 Nxe4
27. fxe4 Rxe4 28. h5 Kg7 29. hxg6 fxg6 30. Qg2 b6 31. a3 Nd6 32. Rd4 Re1+ 33.
Kc2 Rf7 34. Rd2 Ne4 35. Qh2 Nxd2 36. Qe5+ Rxe5 {Normal} 0-1

[Event "Rated Blitz game"]
[Site "?"]
[Date "2021.03.02"]
[Round "?"]
[White "SquaryMonster"]
[Black "DarthZannah"]
[Result "0-1"]
[WhiteElo "2386"]
[BlackElo "2532"]
[PlyCount "86"]
[EventDate "2021.??.??"]
[EventType "blitz"]

1. e4 e5 2. Nf3 d5 3. exd5 e4 4. Qe2 Nf6 5. d3 Qxd5 6. dxe4 Qxe4 7. Nc3 Bb4 8.
Bd2 Qxe2+ 9. Bxe2 O-O 10. O-O Bf5 11. Nd4 Bg6 12. a3 Bc5 13. Be3 Nbd7 14. Rac1
Rfe8 15. Bf3 c6 16. Rfd1 Ne5 17. Na4 Nxf3+ 18. gxf3 Bf8 19. f4 Nd5 20. Re1 Be4
21. c4 Ne7 22. f3 Bg6 23. Kf2 Nf5 24. Nxf5 Bxf5 25. b4 f6 26. Nc5 b6 27. Na6
Rad8 28. Red1 Kf7 29. Nc7 Rxd1 30. Rxd1 Rc8 31. Na6 Be7 32. c5 b5 33. Ra1 Bc2
34. Rc1 Bb3 35. Rc3 Be6 36. Rd3 Rd8 37. Rxd8 Bxd8 38. Nb8 Bd5 39. Bd4 Ke6 40.
Ke3 Bc7 41. Na6 Bd8 42. Nb8 g6 43. Na6 Kd7 {Time forfeit} 0-1

[Event "Rated Blitz game"]
[Site "?"]
[Date "2021.03.02"]
[Round "?"]
[White "cyrilortega62"]
[Black "KamranShirazi"]
[Result "0-1"]
[WhiteElo "2482"]
[BlackElo "2483"]
[PlyCount "54"]
[EventDate "2021.??.??"]
[EventType "blitz"]

1. e4 e5 2. Nf3 d5 3. exd5 e4 4. Ne5 Qxd5 5. d4 exd3 6. Nxd3 Bd6 7. Nc3 Qf5 8.
Be2 Nc6 9. Be3 Be6 10. g4 Qa5 11. a3 O-O-O 12. b4 Qa6 13. Nc5 Bxc5 14. Qxd8+
Nxd8 15. Bxa6 Bxe3 16. fxe3 bxa6 17. h3 h5 18. O-O-O Ne7 19. g5 Nf5 20. e4 Ng3
21. Rh2 h4 22. Kb2 Nc6 23. Rdd2 Ne5 24. Rd1 Nf3 25. Rf2 Nxg5 26. e5 Nxh3 27.
Nd5 Nxf2 {Normal} 0-1

[Event "Rated Blitz game"]
[Site "?"]
[Date "2021.03.02"]
[Round "?"]
[White "ProChessor_YouTube"]
[Black "KamranShirazi"]
[Result "0-1"]
[WhiteElo "2399"]
[BlackElo "2459"]
[PlyCount "31"]
[EventDate "2021.??.??"]
[EventType "blitz"]

1. e4 e5 2. Nf3 d5 3. exd5 e4 4. Qe2 f5 5. d3 Nf6 6. Nbd2 Bb4 7. c3 O-O 8. cxb4
exf3 9. Qxf3 Nxd5 10. Be2 Nxb4 11. O-O N8c6 12. Nb3 Nc2 13. Rb1 N6d4 14. Nxd4
Nxd4 15. Qh5 g6 16. Qxh7+ {Normal} 0-1

[Event "Rated Blitz game"]
[Site "?"]
[Date "2021.03.02"]
[Round "?"]
[White "limosity"]
[Black "KamranShirazi"]
[Result "0-1"]
[WhiteElo "2324"]
[BlackElo "2464"]
[PlyCount "42"]
[EventDate "2021.??.??"]
[EventType "blitz"]

1. e4 e5 2. Nf3 d5 3. exd5 e4 4. Nd4 Qxd5 5. Nb3 Bd6 6. Nc3 Qe5 7. Qe2 Bf5 8.
Nb5 Nc6 9. Nxd6+ Qxd6 10. Qb5 Nge7 11. Be2 a6 12. Qc5 Qg6 13. g3 O-O-O 14. h4
Rd5 15. Qc3 Bg4 16. Bxg4+ Qxg4 17. d4 exd3 18. cxd3 Rhd8 19. d4 Nxd4 20. Nxd4
Rxd4 21. Be3 Rd1+ {Normal} 0-1

[Event "Rated Blitz game"]
[Site "?"]
[Date "2021.03.02"]
[Round "?"]
[White "mostmodest"]
[Black "saranoz"]
[Result "1-0"]
[WhiteElo "2464"]
[BlackElo "2321"]
[PlyCount "85"]
[EventDate "2021.??.??"]
[EventType "blitz"]

1. e4 e5 2. Nf3 d5 3. Nxe5 Bd6 4. d4 dxe4 5. Bc4 Bxe5 6. dxe5 Qxd1+ 7. Kxd1 Nc6
8. Bf4 Bg4+ 9. Kc1 O-O-O 10. Bxf7 Nh6 11. Bc4 Rhf8 12. Bg3 Nf5 13. Be6+ Kb8 14.
Bxf5 Rxf5 15. Nc3 Nxe5 16. Nxe4 Nc6 17. f3 Bh5 18. Rd1 Rfd5 19. Rxd5 Rxd5 20.
c3 Bg6 21. Kc2 Ne5 22. Bxe5 Rxe5 23. Re1 b6 24. Kd2 Rh5 25. h3 Ra5 26. a3 Rb5
27. Kc1 a5 28. Rd1 Bxe4 29. fxe4 Kc8 30. Rd5 Rxd5 31. exd5 Kd7 32. Kc2 Kd6 33.
c4 Kc5 34. Kc3 g5 35. g3 h5 36. b4+ axb4+ 37. axb4+ Kd6 38. Kd4 g4 39. h4 c6
40. c5+ bxc5+ 41. bxc5+ Kc7 42. d6+ Kd7 43. Ke5 {Normal} 1-0

[Event "Rated Blitz game"]
[Site "?"]
[Date "2021.03.02"]
[Round "?"]
[White "micfel"]
[Black "KamranShirazi"]
[Result "1-0"]
[WhiteElo "2419"]
[BlackElo "2480"]
[PlyCount "45"]
[EventDate "2021.??.??"]
[EventType "blitz"]

1. e4 e5 2. Nf3 d5 3. Nxe5 Bd6 4. d4 dxe4 5. Bf4 Nf6 6. Nc3 O-O 7. Be2 Nbd7 8.
O-O Re8 9. h3 Qe7 10. Bc4 Nxe5 11. dxe5 Bxe5 12. Bxe5 Qxe5 13. Re1 Bf5 14. Qe2
Rad8 15. Rad1 h5 16. Qe3 b6 17. Nb5 Rxd1 18. Rxd1 a6 19. Nd4 b5 20. Bb3 Bg6 21.
c3 Kh7 22. Nc6 Qg5 23. Qxg5 {Normal} 1-0